|
|
|
|
| LEADER |
00000nam0a2200000 4500 |
| 001 |
67431 |
| 005 |
20231031073543.0 |
| 010 |
|
|
|a 5981180242
|
| 035 |
|
|
|a (RuTPU)RU\TPU\book\71797
|
| 090 |
|
|
|a 67431
|
| 100 |
|
|
|a 20040916d2004 m y0rusy50 ca
|
| 101 |
0 |
|
|a rus
|
| 102 |
|
|
|a RU
|
| 105 |
|
|
|a a j 001zy
|
| 200 |
1 |
|
|a Рынок ценных бумаг и биржевое дело
|e учебное пособие
|f А. А. Килячков, Л. А. Чалдаева
|
| 205 |
|
|
|a 2-е изд., с изм.
|
| 210 |
|
|
|a Москва
|c Экономистъ
|d 2004
|
| 215 |
|
|
|a 686 с.
|c ил.
|
| 225 |
1 |
|
|a Homo faber
|
| 320 |
|
|
|a Библиогр.: с. 686.
|
| 320 |
|
|
|a Список терминов: с. 622-682.
|
| 333 |
|
|
|a Исключено из фонда НТБ ТПУ
|
| 451 |
|
1 |
|0 (RuTPU)RU\TPU\book\38178
|y 5-7975-0243-7
|t Рынок ценных бумаг и биржевое дело
|o учебное пособие
|f А. А. Килячков, Л. А. Чалдаева
|c М.
|n Юристъ
|d 2001
|p 702 с.
|s Homo faber
|a Килячков, Анатолий Анатольевич
|
| 686 |
|
|
|a У9(2)262.29я73
|v LBC/SL-A
|2 rubbk
|
| 686 |
|
|
|a У9(2)262.293я73
|v LBC/SL-A
|2 rubbk
|
| 700 |
|
1 |
|a Килячков
|b А. А.
|g Анатолий Анатольевич
|
| 701 |
|
1 |
|a Чалдаева
|b Л. А.
|g Лариса Алексеевна
|
| 801 |
|
1 |
|a RU
|b 63413507
|c 20040916
|g PSBO
|
| 801 |
|
2 |
|a RU
|b 63413507
|c 20210610
|g PSBO
|
| 942 |
|
|
|c BK
|
| 959 |
|
|
|a 118/20040908
|d 2
|e 215,16
|f АНЛ:1
|f НФ:1
|
| 959 |
|
|
|a 17/20050218
|d 2
|e 166,60
|f АНЛ:1
|f ЧЗГЛ:1
|